Aj naše mestá chceli emancipáciu

Bibliographic Details
Main Author: Čanády, Bruno, 1955- (Author)
Format: Article
Language:Slovak
PhysicalDescription:Fotogr.
ISBN:9788070908532
Subjects:

MARC

LEADER 00000nab a2200000 ar4500
001 vtls009353293
003 SK-MaSNL
005 20260426103557.0
008 081024c2007 xo |r||||||||||00 b|slo
015 |a SNBRA2008/10  |2 snkbucl 
038 |a SNKBUCL 
040 |a SNKBUCL  |b slo  |e AACR2  |c SNKBUCL 
041 0 |a slo 
044 |a xo  |c SK 
080 |a 94(437.6)"13/16"  |2 2001 
100 1 |a Čanády, Bruno,  |d 1955-  |4 aut  |9 230631 
245 1 0 |a Aj naše mestá chceli emancipáciu  |c Bruno Čanády 
300 |b Fotogr. 
648 7 |a 14.-17. stor.  |2 snkbucl  |9 342495 
650 0 7 |a mestá  |2 snkbucl  |9 2929 
650 0 7 |a národná emancipácia  |2 snkbucl  |9 771308 
651 7 |a Slovensko  |2 snkbucl  |9 14231 
773 0 |t Národný kalendár 2008  |d Martin : Matica slovenská, 2007  |g S. 56-59  |z 9788070908532 
852 |a SNK  |b KIS3GCP 
999 |c 3290421  |d 3292351